00653 2200289 4500001002100000005001500021035002000036245004000056100001800096250000600114300001000120856004500130260003600175082000800211084001400219600001000233990001200243990001200255990001200267990001200279990001200291990001200303990001200315990001200327990001200339990001200351INLIS00000000000163920250429075045 a0010-04250000551 aAzab dan Sengsara /cMerari Siregar0 aMerari Sirega a1 c21 cm aRuang Baca Umum No Klas 800 ( Rak 3,4,5) aJakarta :bBalai Pustaka,c2002 a813 a813 MER a 4aFiksi a02.1990 a02.1991 a02.1992 a02.1993 a02.1994 a02.1995 a02.1996 a02.1997 a02.1998 a02.1999